000 00343nas a2200157 a 4500
001 88758
003 167402
005 20201118112509.0
008 ||||||n9999 ||| || ||
245 0 _aTime - Vol.161 No.2
260 _aEstados Unidos :
562 _e1
773 _021966
_aTime
942 _cSISS
999 _c88758
_d88758